000 00771nam a22002657a 4500
001 BR2018000145
003 BR-BrBNA
005 20230928105223.0
007 ta
008 230509b bl.||||| |||| 00| 0 por d
040 _aBR-BrBNA
_bpor
_cBiblioteca Nacional de Agricultura
041 _a(Por)
072 _aE16
_b0430
090 _ 0430 BR2018000145
110 1 _aAssociação Brasileira dos Produtores de Algodão, Brasília, DF (Brasil)
_9894
245 1 _aThe hues of brazilian cotton; os tons do algodão brasileira
260 3 _aBrasília, DF (Brasil):
_c[nd].
300 _a23 p.
650 _aALGODÃO
650 _aCOR
650 _aASSOCIATIVISMO
650 _aDESENVOLVIMENTO SUSTENTÁVEL
909 _a202309
_bLucia
_c55
_dLucia Elande
942 _cBK
999 _c84106
_d84106